| 000 -LEADER |
| fixed length control field |
00699cam a22002291 4500 |
| 001 - CONTROL NUMBER |
| control field |
213 |
| 003 - CONTROL NUMBER IDENTIFIER |
| control field |
BD-DhUAP |
| 005 - DATE AND TIME OF LATEST TRANSACTION |
| control field |
20201125154520.0 |
| 008 - FIXED-LENGTH DATA ELEMENTS--GENERAL INFORMATION |
| fixed length control field |
201125r19961993ii a b 001 0 eng |
| 040 ## - CATALOGING SOURCE |
| Original cataloging agency |
DLC |
| Transcribing agency |
MBNU |
| Modifying agency |
OCoLC |
| -- |
KyLoU-H |
| -- |
Uk |
| -- |
OCoLC |
| -- |
BD-DhUAP |
| Language of cataloging |
eng |
| 082 ## - DEWEY DECIMAL CLASSIFICATION NUMBER |
| Classification number |
612 CHA |
| Edition number |
23 |
| 100 ## - MAIN ENTRY--PERSONAL NAME |
| Personal name |
Chaudhuri, Sujit K. |
| 245 10 - TITLE STATEMENT |
| Title |
Concise medical physiology / |
| Statement of responsibility, etc. |
Sujit K. Chaudhuri. |
| 250 ## - EDITION STATEMENT |
| Edition statement |
2nd ed. |
| 260 ## - PUBLICATION, DISTRIBUTION, ETC. |
| Place of publication, distribution, etc. |
Calcutta : |
| Name of publisher, distributor, etc. |
New Central Book Agency (P) Ltd., |
| Date of publication, distribution, etc. |
c1993 [Reprinted 1996]. |
| 300 ## - PHYSICAL DESCRIPTION |
| Extent |
iii, 689 pages : |
| Other physical details |
illustrations ; |
| Dimensions |
28 cm. |
| 500 ## - GENERAL NOTE |
| General note |
Includes index. |
| 650 #0 - SUBJECT ADDED ENTRY--TOPICAL TERM |
| Topical term or geographic name entry element |
Human physiology. |
| 650 #0 - SUBJECT ADDED ENTRY--TOPICAL TERM |
| Topical term or geographic name entry element |
Metabolism. |
| 650 #0 - SUBJECT ADDED ENTRY--TOPICAL TERM |
| Topical term or geographic name entry element |
Physiology, Pathological. |
| 942 ## - ADDED ENTRY ELEMENTS (KOHA) |
| Source of classification or shelving scheme |
|
| Koha item type |
Book |